Brochure on housing statistics 1982 (Record no. 413756)

000 -LEADER
fixed length control field 00387cam a22001097a 4500
008 - FIXED-LENGTH DATA ELEMENTS--GENERAL INFORMATION
fixed length control field 180718b1984 xxu||||| |||| 00| 0 eng d
082 ## - DEWEY DECIMAL CLASSIFICATION NUMBER
Classification number XA065x5453 K45 1982
245 ## - TITLE STATEMENT
Title Brochure on housing statistics 1982
Statement of responsibility, etc. by The Housing And Labour Division
260 ## - PUBLICATION, DISTRIBUTION, ETC.
Place of publication, distribution, etc. Trivendrum
Name of publisher, distributor, etc. Directorate of Economics and Statistics
Date of publication, distribution, etc. 1984
300 ## - PHYSICAL DESCRIPTION
Extent ix, 84p
700 ## - ADDED ENTRY--PERSONAL NAME
Personal name Kerala. The Housing And Labour Division
Holdings
Withdrawn status Lost status Damaged status Not for loan Permanent Location Current Location Date acquired Full call number Barcode Date last seen Price effective from Koha item type
        Indian Institute of Public Administration Indian Institute of Public Administration 2009-02-18 XA065x5453 K45 1982 D2035 2018-07-21 2018-07-21 D

Powered by Koha